Proyectos agrícolas de riego /
Guardado en:
| Autor Principal: | |
|---|---|
| Formato: | Libro |
| Publicado: |
Buenos Aires :
Hemisferio Sur,
1980
|
| Edición: | 2a. ed. |
| Materias: | |
| Etiquetas: |
Agregar Etiqueta
Sin Etiquetas, Sea el primero en etiquetar este registro!
|
| LEADER | 00527nam a22001935a 4500 | ||
|---|---|---|---|
| 001 | CEM.cems016672 | ||
| 005 | 20121128171447.0 | ||
| 008 | 130507s1980##################000#0#####d | ||
| 003 | CEMS | ||
| 082 | 0 | 4 | |a 631.7 |
| 100 | 1 | |a Luque, Jorge Alfredo | |
| 245 | 1 | 0 | |a Proyectos agrícolas de riego / |c Jorge Alfredo Luque, |
| 250 | |a 2a. ed. | ||
| 260 | |a Buenos Aires : |b Hemisferio Sur, |c 1980 | ||
| 300 | |a 203 p. | ||
| 653 | |a Riego | ||
| 653 | |a Drenaje | ||
| 653 | |a Suelo | ||
| 859 | |a CEMS |b BIB. CEMS - Agricultura |h 631.7 |i L974-4 |p A0242.00 |t Ej.1 | ||
